000
00211 a2200097 4500
001
26854
100
_a
Interavia, S.A
245
_a
Interavia ABC 1978 26th ed
260
_a
_b
Interavia
_c
090
_c
18087
_d
18087
942
_a
NUST-CAE
_c
M
_c
8988
999
_c
261927
_d
261927